Plan de L'Exposition Universelle [ (Record no. 170031)
[ view plain ]
| 000 -LEADER | |
|---|---|
| campo de control de longitud fija | 00589nem a22001575i 4500 |
| 001 - NÚMERO DE CONTROL | |
| campo de control | 170031 |
| 003 - IDENTIFICADOR DE NÚMERO DE CONTROL | |
| campo de control | ES-MaACL |
| 005 - FECHA Y HORA DE LA ÚLTIMA TRANSACCIÓN | |
| campo de control | 20230906214252.0 |
| 008 - DATOS DE LONGITUD FIJA--INFORMACIÓN GENERAL | |
| campo de control de longitud fija | 090115s1878 fr | | | ||fre d |
| 111 2# - ENTRADA PRINCIPAL--NOMBRE DE CONGRESO/REUNIÓN | |
| Nombre de congreso/reunión o jurisdicción como elemento de entrada | Exposition Universelle ( |
| Fecha del congreso o de la firma del tratado | 1878. |
| Sede del congreso/Lugar de la reunión | Paris) |
| 9 (RLIN) | 135143 |
| 245 10 - MENCIÓN DEL TÍTULO | |
| Título | Plan de L'Exposition Universelle [ |
| Medio | Material cartográfico] / |
| Mención de responsabilidad, etc. | édité & offert par les Grands Magasins du Louvre á Paris. |
| 260 ## - PUBLICACIÓN, DISTRIBUCIÓN, ETC. | |
| Lugar de publicación, distribución, etc. | [Paris] : |
| Nombre del editor, distribuidor, etc. | Grands Magasins du Louvre, |
| Fecha de publicación, distribución, etc. | [1878?] |
| 300 ## - DESCRIPCIÓN FÍSICA | |
| Extensión | 1 h. pleg. de map. col. ; |
| Dimensiones | 18 cm. |
| 710 2# - ENTRADA AGREGADA--NOMBRE DE ENTIDAD CORPORATIVA | |
| Nombre de entidad corporativa o nombre de jurisdicción como elemento de entrada | Grands Magasins du Louvre. |
| 9 (RLIN) | 139187 |
| 852 ## - LOCALIZACIÓN | |
| Ubicación | ES-MaACL |
| Número de control de estantería | G-10500(2) |
| Estatus retirado | Estado de pérdida | Estado de daño | No para préstamo | Biblioteca de origen | Biblioteca actual | Ubicación en estantería | Fecha de adquisición | Fuente de adquisición | Total de préstamos | Signatura topográfica completa | Código de barras | Visto por última vez | Precio de reemplazo | Tipo de ítem Koha |
|---|---|---|---|---|---|---|---|---|---|---|---|---|---|---|
| Biblioteca del Ateneo de Madrid | Biblioteca del Ateneo de Madrid | Sala Pecera Planta 3 | 15/01/2009 | G-10500(2) | 1178503 | 23/02/2023 | 23/02/2023 | Mapa |
